00569nam a2200193 a 450000100060000000300080000600500170001400800390003103500190007004000310008904100080012008200240012824500650015226000370021730000340025450400390028865000180032770000300034510518BD-RjUL20211208234953.0161227s1966 nyua b 011 0 eng a(BD-RjUL)10566 aDLC/ICUcICUdBD-RjULbeng aeng00a543.4bMOD 196622300aModern aspects of polarography :ba tribute to Isamu Tachi / aNew York :bPlenum Press,c1966. aiii, 245 p. :bill. ;c26 cm. aIncludes bibliographies and index. 0aPolarography.1 aKambara, Tomihito,d1922-